| 000 | 01046pam a2200253 a 4500 | ||
|---|---|---|---|
| 001 | 3160 | ||
| 005 | 20240215084558.0 | ||
| 020 | _a9780802776334 | ||
| 040 |
_aDLC _cDLC _dDLC _beng |
||
| 050 | 0 | 0 |
_aG850.S53 _b1997 |
| 082 | 0 | 0 | _a919.9804 |
| 100 | 1 | _aMcCurdy, Michael | |
| 245 | 1 | 0 |
_aTrapped by the ice! : _bShackleton's amazing Antarctic adventure / _cMcCurdy, Michael |
| 250 | _aFirst published in 1997 | ||
| 260 |
_aNew York : _bWalker and Company, _c1997 |
||
| 300 |
_a39 pages : _bcolor illustrations, maps ; _c24 cm . |
||
| 505 | _aW | ||
| 520 | _aDescribes the events of the 1914 Shackleton Antarctic expedition when, after being trapped in a frozen sea for nine months, the expedition ship, the Endurance, was finally crushed and Shackleton and his men made the very long and perilous journey across ice and stormy seas to reach inhabited land. | ||
| 521 |
_a880
_bLexile |
||
| 521 |
_aW
_bRaz-Plus |
||
| 650 |
_aexploration _vnon-fiction |
||
| 906 |
_a7 _brip _corignew _d1 _eocip _f19 _gy-gencatlg |
||
| 942 |
_2ddc _cBK _n0 |
||
| 999 |
_c3160 _d3160 |
||